00613nam a22002057a 450000500170000001000130001702000100003003500130004003700160005304000120006908200170008110000220009824500670012026000720018727000430025930000210030250000210032365000210034465000420036520170124110232.0 aA-216303 c00.00 aA-216303 bCen Lib/Ret aDPLbEN a020.954bNAG aNagar, Murari Lal aFoundation of library movement in India /cby Murari Lal Nagar aLudhianabIndian Library Institute and Bibliographical Centrec1983 bPunjaba35, Friends Colony, Model Gram a251p. c21cm(Hb) aIncludes index  aPublic libraries aBorden, William Alanson, -- 1853-1931